Qut̕ate el estrš del CFDI 3.3 Procedimiento e implicaciones /

Detalles Bibliográficos
Autor principal: Jimňez Bravo, Luis Armando
Formato: eBook
Lenguaje:español
Publicado: Ciudad de Mx̌ico: Instituto Mexicano de Contadores Pb︢licos, 2019
Materias:
Acceso en línea:Acceso restringido

MARC

LEADER 00000nam a22000007a 4500
005 2019081006496.0
007 cr|||| |||
008 190810s2019 mx |||||s|||| 00||0 spa d
020 |a 978-607-8628-24-7 
035 |a 23920 
040 |a vLex 
090 |c 9153  |d 9153 
100 1 |a Jimňez Bravo, Luis Armando 
245 1 0 |a Qut̕ate el estrš del CFDI 3.3  |h [Recurso electrn̤ico] :  |b Procedimiento e implicaciones /  |c Luis Armando Jimňez Bravo 
256 |a Servicio en ln̕ea 
260 |a Ciudad de Mx̌ico:  |b Instituto Mexicano de Contadores Pb︢licos,  |c 2019 
300 |a 1 recurso electrn̤ico 
500 |a Esta nueva edicin̤ de Qut̕ate el estrš del CFDI 3.3. Procedimiento e implicaciones, adems̀ de haber sido actualizada con base en las nuevas reglas del SAT (Servicio de Administracin̤ Tributaria), incluye un capt̕ulo con aplicaciones administrativas que potencian el uso de una obligacin̤ fisƯcal en una herramienta de control administrativo; de esta forma, el texto se mantiene fiel a la filosofa̕ de evitar el estrš en el uso de la informaƯcin̤ fiscal y propiciar un cumplimiento pleno de las obligaciones fiscaƯles, as ̕como utilizar la informacin̤ generada para dar ms̀ vigor a la actividad econm̤ica de los negocios. El contenido abarca: a) anl̀isis del uso de las bases de datos creadas a partir de la informacin̤ del CFDI 3.3; b) explicacin̤ de las claves de los catl̀ogos, uso y alcances jurd̕icos; c) ejemplos concretos sobre los temas ms̀ complejos, como son los anticipos, el complemento de pagos y el de comercio exterior; d) tablas y diagramas para facilitar la comprensin̤ de los temas; e) gua̕ de llenado del CFDI, venta al pb︢lico en general, complemento de pagos y de comercio exterior, y f) un nuevo capt̕ulo, “Ventajas de usar el CFDI 3.3”. La obra est ̀dirigida a todos los contribuyentes que buscan una herraƯmienta de consulta, una gua̕ de fc̀il lectura y un entendimiento de la lg̤ica detrs̀ del CFDI 3.3. El texto est ̀diseądo para la capacitacin̤ del personal encargado del sensible tema de facturacin̤, profesionales y asesores en materia fiscal y contable 
506 1 |a Disponible solo en los productos indicados  |d vLex Global  |d vLex Global (Academic Edition, excluding Law Schools)  |d vLex Global (U.S. Academic Edition, Law Schools)  |d vLex Global (U.S. Academic Edition, excluding Law Schools)  |d vLex Global (Academic Edition, Law Schools) 
650 0 4 |a Derecho Fiscal  |z Mx̌ico 
740 0 |a vLex Libros (Servicio en ln̕ea) 
856 4 0 |u http://vlex.com/source/quitate-el-estres-del-cfdi-3-3-procedimiento-e-implicaciones-23920  |z Acceso restringido 
942 |c BOOK 
999 0 |a Tax Law